LEADER 01696nam 22005414a 450 001 9910783506803321 005 20230617035802.0 010 $a1-280-36142-5 010 $a9786610361427 010 $a1-59332-160-0 035 $a(CKB)1000000000244797 035 $a(OCoLC)228124672 035 $a(CaPaEBR)ebrary10115171 035 $a(SSID)ssj0000141587 035 $a(PQKBManifestationID)11911825 035 $a(PQKBTitleCode)TC0000141587 035 $a(PQKBWorkID)10090173 035 $a(PQKB)10072361 035 $a(MiAaPQ)EBC3016759 035 $a(Au-PeEL)EBL3016759 035 $a(CaPaEBR)ebr10115171 035 $a(OCoLC)697639709 035 $a(EXLCZ)991000000000244797 100 $a20040817d2005 uy 0 101 0 $aeng 135 $aurcn||||||||| 181 $ctxt 182 $cc 183 $acr 200 10$aDrug testing in law enforcement agencies$b[electronic resource] $esocial control in the public sector /$fJames R. Brunet 210 $aNew York $cLFB Scholarly Pub.$d2005 215 $a1 online resource (198 p.) 225 1 $aCriminal justice 300 $aBibliographic Level Mode of Issuance: Monograph 311 $a1-59332-067-1 320 $aIncludes bibliographical references (p. 169-186) and index. 410 0$aCriminal justice (LFB Scholarly Publishing LLC) 606 $aPolice$xDrug testing$zUnited States 615 0$aPolice$xDrug testing 676 $a363.2/2 700 $aBrunet$b James R.$f1966-$01584596 801 0$bMiAaPQ 801 1$bMiAaPQ 801 2$bMiAaPQ 906 $aBOOK 912 $a9910783506803321 996 $aDrug testing in law enforcement agencies$93868517 997 $aUNINA LEADER 00822nam0-2200265 --450 001 9910800395803321 005 20240205154318.0 100 $a20240205d1968----kmuy0itay5050 ba 101 0 $aeng 102 $aUS 105 $aa 001yy 200 1 $aViruses in plant hosts$eform, distribution and pathologic effects$fKatherine Esau 210 $aMadison [etc.]$cUniversity of Wisconsin press$dc1968 215 $aVIII, 225 p.$cill.$d23 cm 300 $aSul front.: The 1968 John Charles Walker lectures. 610 0 $aPatologia vegetale 676 $a581.222$v20$zita 700 1$aEsau,$bKatherine$063750 801 0$aIT$bUNINA$gREICAT$2UNIMARC 901 $aBK 912 $a9910800395803321 952 $aA PAT 1328$b1341/2024$fFAGBC 959 $aFAGBC 996 $aViruses in plant hosts$93878413 997 $aUNINA LEADER 05500nam 22006975 450 001 9910637723403321 005 20260313113425.0 010 $a9783031135408 010 $a3031135407 024 7 $a10.1007/978-3-031-13540-8 035 $a(MiAaPQ)EBC7167816 035 $a(Au-PeEL)EBL7167816 035 $a(CKB)25936413500041 035 $a(DE-He213)978-3-031-13540-8 035 $a(EXLCZ)9925936413500041 100 $a20230101d2022 u| 0 101 0 $aeng 135 $aurcnu|||||||| 181 $ctxt$2rdacontent 182 $cc$2rdamedia 183 $acr$2rdacarrier 200 10$aNew Directions in Technology for Writing Instruction /$fedited by Gonca Yang?n-Ek?i, Sedat Akayoglu, Leonora Anyango 205 $a1st ed. 2022. 210 1$aCham :$cSpringer International Publishing :$cImprint: Springer,$d2022. 215 $a1 online resource (393 pages) 225 1 $aEnglish Language Education,$x2213-6975 ;$v30 311 08$aPrint version: Yang?n-Ek?i, Gonca New Directions in Technology for Writing Instruction Cham : Springer International Publishing AG,c2023 9783031135392 327 $aPart 1 - Web 2.0 and Multimodality in Writing -- Chapter 1: Technology-Enhanced Genre-Based Writing -- Chapter 2: Affordances and Constraints of Multimodal Writing Tasks -- Chapter 3: Wikis for Language Teaching and Learning -- Chapter 4: Digital Storytelling: An Alternative Method and a Multimodal Task to Improve Writing Skill of English Language Learners -- Chapter 5: Pedagogically Sound: Audio Feedback as an Alternative to Written Feedback in Distance Education: EFL/ESL Students? and Teachers? Perceptions and Its Effectiveness -- Chapter 6: Multimodal technology-mediated feedback in second language writing classes through screencasting -- Chapter 7: The Advantages of Using Vlogs for English Language Learners? Writing Performance -- Chapter 8: Utilizing Mobile Technology to Improve Writing Skill -- Part 2 - Using Technology for Academic Writing -- Chapter 9: Using Corpus Tools for Academic Writing in EFL Settings: A Data-Driven Learning Approach -- Chapter 10: The Use of Automated Writing Evaluation Tools to Foster ESL Writing Instruction -- Chapter 11: Research-Based Writing Practices in the Digital Age: New Possibilities and Implications for English Language Teachers and Learners -- Chapter 12: Academic Writing Instruction Beyond the Classroom Walls: How to Use Digital Tools and Tasks at Academic Writing Instruction -- Chapter 13: Avoiding Plagiarism in the Information Age: Tools and Recommendations -- Part 3 - Research in Action -- Chapter 14: Corpus made my job easier??: Preservice language teachers? corrective feedback practices in writing with corpus consultation -- Chapter 15: Blogging to build collaborative revision in L2 writing -- Chapter 16: Exploring student-teacher interaction and learner autonomy through writing online journals via emails and Penzu: A mixed-method analysis of Turkish students? perceptions -- Chapter 17: Using Wikis for Collaborative EFL Writing: Lessons Learned from an Online Writing Course -- Chapter 18: The Effect of an Online Writing Community on ELT Students? Academic Writing Motivation. 330 $aThis book responds to the changes and needs of English Language Learning by offering insight into online writing pedagogical platforms and atmospheres. Language learning enriched with technology, web tools and applications have become a necessary ingredient in language education internationally. This volume provides an in-depth understanding of writing practices that are responsive to the challenges for teaching and learning writing in local and global contexts of education. It also provides succinct knowledge at the intersection of technology with teaching, learning, and research. The chapters herein creatively take advantage of the affordances of digital platforms and further critiques their limitations. The book also delineates knowledge on concepts, theories, and innovative approaches to digital writing in the field of teaching and learning English. The chapters focus on reviews and provide guidance on the practical use of Web 2.0 and multimedia tools as well as presenting research on technology integration in writing classes. 410 0$aEnglish Language Education,$x2213-6975 ;$v30 606 $aLanguage and languages$xStudy and teaching 606 $aEducational technology 606 $aLanguage Education 606 $aLanguage Teaching and Learning 606 $aDigital Education and Educational Technology 606 $aAnglès$2thub 606 $aEnsenyament de la llengua$2thub 606 $aEscriptura$2thub 606 $aTecnologia educativa$2thub 608 $aLlibres electrònics$2thub 615 0$aLanguage and languages$xStudy and teaching. 615 0$aEducational technology. 615 14$aLanguage Education. 615 24$aLanguage Teaching and Learning. 615 24$aDigital Education and Educational Technology. 615 7$aAnglès 615 7$aEnsenyament de la llengua 615 7$aEscriptura 615 7$aTecnologia educativa 676 $a371.912 676 $a428.0078 702 $aYang?n-Eks?i$b Gonca 702 $aAkayoglu$b Sedat 702 $aAnyango$b Leonora 801 0$bMiAaPQ 801 1$bMiAaPQ 801 2$bMiAaPQ 906 $aBOOK 912 $a9910637723403321 996 $aNew Directions in Technology for Writing Instruction$93003171 997 $aUNINA